|
|
|
|
| LEADER |
00000naa2a2200000 4500 |
| 001 |
118507 |
| 005 |
20240202102022.0 |
| 035 |
|
|
|a (RuTPU)RU\TPU\book\128231
|
| 090 |
|
|
|a 118507
|
| 100 |
|
|
|a 20070613d2003 k y0rusy50 ca
|
| 101 |
0 |
|
|a rus
|
| 102 |
|
|
|a RU
|
| 200 |
1 |
|
|a Устройство управления исполнительным механизмом постоянной скорости
|f А. Д. Вильнин, А. Г. Горюнов
|
| 320 |
|
|
|a Библиогр.: 3 назв.
|
| 461 |
|
1 |
|0 (RuTPU)RU\TPU\book\64647
|t Современные техника и технологии
|l Modern Technique and Technologies
|o IX Международная научно-практическая конференция студентов, аспирантов и молодых ученых, г. Томск, 7-11 апреля 2003 г.
|o труды: в 2 т.
|f Томский политехнический университет; отв. ред. А. С. Заворин
|d 2003-
|
| 463 |
|
1 |
|0 (RuTPU)RU\TPU\book\64489
|y 5-98298-037-4
|t Т. 1.
|v С. 243-245
|d 2003
|p 321 с.
|
| 610 |
1 |
|
|a скорость
|
| 610 |
1 |
|
|a постоянная скорость
|
| 610 |
1 |
|
|a управление
|
| 610 |
1 |
|
|a системы промышленной автоматики
|
| 610 |
1 |
|
|a асинхронные двигатели
|
| 610 |
1 |
|
|a линейные системы
|
| 610 |
1 |
|
|a труды учёных ТПУ
|
| 700 |
|
1 |
|a Вильнин
|b А. Д.
|c специалист в области инновационных технологий и инженерного консалтинга
|c инжерер-проектировщик 1 категории Томского политехнического университета
|g Александр Даниилович
|3 (RuTPU)RU\TPU\pers\26511
|
| 701 |
|
1 |
|a Горюнов
|b А. Г.
|c специалист в области автоматического управления
|c заведующий кафедрой Томского политехнического университета, доктор технических наук
|f 1979-
|g Алексей Германович
|3 (RuTPU)RU\TPU\pers\25726
|9 11628
|
| 801 |
|
1 |
|a RU
|b 63413507
|c 20070613
|g PSBO
|
| 801 |
|
2 |
|a RU
|b 63413507
|c 20150911
|g RCR
|
| 942 |
|
|
|c BK
|